|
|
|
|
| LEADER |
00000nab a2200000 a 4500 |
| 001 |
vtls000785532 |
| 003 |
SK-MaSNL |
| 005 |
20260304105221.0 |
| 008 |
250429c2001 xo 0 slo |
| 015 |
|
|
|a SNBRB2002/03-07756
|
| 035 |
|
|
|a CLN000137197
|
| 035 |
|
|
|a urn:nbn:sk:snk-ab34an
|
| 035 |
|
|
|a (urnnbn)urn:nbn:sk:snk:ar-a05usx
|
| 035 |
|
|
|a (uuid)e82e4bcf-e8b2-4df6-91d5-22314aa73b1c
|
| 040 |
|
|
|a SNKBUCL
|b slo
|c SNKBUCL
|e AACR2
|
| 041 |
0 |
|
|a slo
|
| 044 |
|
|
|a xo
|c SK
|
| 080 |
|
|
|a 61-051
|2 1997
|
| 080 |
|
|
|a 618
|2 1997
|
| 080 |
|
|
|a 929 Toldy, Mikuláš
|2 1997
|
| 100 |
1 |
|
|a Valent, Michal,
|d 1929-2020
|4 aut
|9 224017
|
| 245 |
1 |
0 |
|a Docent MUDr. Mikuláš Toldy, CSc. - k nedožitým 75. narodeninám (1926-1996)
|c Michal Valent
|
| 600 |
1 |
7 |
|a Toldy, Mikuláš,
|d 1926-1996
|2 snkbucl
|9 201553
|
| 655 |
|
7 |
|a profily
|2 snkbucl
|9 341977
|
| 655 |
|
7 |
|a články z novín a časopisov
|2 snkbucl
|9 267496
|
| 773 |
0 |
|
|t Praktická gynekológia
|g Roč. 8, č. 4 (2001), s. 205-206
|x 1335-4221
|
| 850 |
|
|
|a Slovenská národná knižnica
|
| 852 |
|
|
|a Slovenská národná knižnica
|
| 954 |
|
|
|a odborná, vedecká literatúra pôvodná (slovenská)
|2 lita
|
| 958 |
|
|
|a article27
|
| 958 |
|
|
|a MI
|
| 958 |
|
|
|a BX
|
| 958 |
|
|
|a SK
|
| 958 |
|
|
|a OND
|
| 958 |
|
|
|a EUIPO
|
| 999 |
|
|
|c 2854788
|d 2856718
|